000
00342 a2200157 4500
001
184476
020
_a
040
_c
Magnum
100
_a
Oliveira, Ganymédes José Santos de
240
1
0
_a
Corações de pedra
_l
por
245
1
0
_a
Corações de pedra
300
_a
120
362
0
_a
1985
697
_a
LITERATURA JUVENIL
942
_c
BK
999
_c
184476
_d
184476